00900nam a2200265u 450000100060000000300080000600500170001400800390003103500200007004000280009004100080011808200260012610000380015224500500019025000180024026000390025830000210029765000380031865000370035665500360039365500260042994200120045599900170046795201500048420570BD-RjUL20211209000601.0140301s1962 enk 000 1 eng a(BD-RjUL) 20632 aDLCcCarPdBD-RjULbeng aeng04222a823.912bORA 19621 aOrwell, Georged1903-1950.91077410aAnimal farm :ba fairy story /cGeorge Orwell aCollceted ed. aLondon :bSecker & Warburg,c1962. a110 p. ;c19 cm. 0aDomestic animalsvFiction.963463 0aTotalitarianismvFiction.958078 7aPolitical fiction.2lcsh963481 7aFables.2gsafd963482 2ddccBK c20570d20570 00102ddc40708FICaRUCLbRUCLcStackd1965-10-19eBlackwellg8.60l13o823.912 ORA 1962r2025-07-16 00:00:00s2025-07-08tC-13w2014-03-01yBK